000 004520000a22001690004500
003 MACL
005 20151229133013.0
008 151229b xxu||||| |||| 00| 0 eng d
040 _aMACL
_cMACL
041 _aEnglish
082 _a170/CHA
100 _aChanning, William H
_923872
245 _aIntroduction to Ethics
_bCritical survey of Moral System vol 1
260 _bWilliam H Dennet
_c1865
650 _aEthics
_923873
942 _cBK
_k170/CHA
_2ddc
999 _c37612
_d37612